| Поле | Инд. | ПП | Название | Значение |
|---|---|---|---|---|
| Тип записи | a | |||
| Библиографический уровень | m | |||
| 001 | Контрольный номер | 39e564234d044f8bb7fbebb1a1a2a8b0 | ||
| 005 | Дата корректировки | 20150922084031.0 | ||
| 020 | a | ISBN | 978-5-358-02108-2 | |
| 080 | a | Индекс УДК | 910.4(100)(26)"19" | |
| 084 | a | Индекс другой классификации/Индекс ББК | Д9(0)022 | |
| 084 | a | Индекс другой классификации/Индекс ББК | Д8д(2)Крузенштерн | |
| 084 | a | Индекс другой классификации/Индекс ББК | Д8д(2)Лисянский | |
| 090 | a | Полочн. индекс | Д9(0)02 | |
| x | Авторский знак | К 84 | ||
| 100 | 1_ | a | Автор | Крузенштерн Иван Федорович |
| q | Полное имя | Крузенштерн И. Ф. | ||
| 245 | 00 | a | Заглавие | Путешествие вокруг света в 1803, 1804, 1805 и 1806 годах на кораблях "Надежда" и "Нева" |
| c | Ответственность | [предисл. д.г.н., проф. Ю. Н. Гладкого] | ||
| 246 | 04 | a | Другая форма заглавия | Первое российское плавание вокруг света |
| 260 | c | Дата издания | 2007 | |
| a | Место издания | Москва | ||
| b | Издательство | Дрофа | ||
| 300 | a | Объем | 589, [1] с. | |
| b | Иллюстрации/ тип воспроизводства | ил., портр., карты | ||
| 440 | _0 | a | Серия | Библиотека путешествий |
| 500 | a | Примечание | Загл. на обл. и корешке: Первое российское плавание вокруг света | |
| 520 | 0_ | a | Аннотация | 200 лет назад, в 1806 г., произошло знаменательное событие не только в истории российского Флота, но и в истории всей России - было блистательно завершено первое отечественное кругосветное плавание на кораблях "Надежда" и "Нева" под начальством И. Ф. Крузенштерна и Ю. Ф. Лисянского. Во время трехгодичного путешествия русские моряки показали всему миру, что они и превосходные мореходы, и трудолюбивые, добросовестные исследователи, обогатившие мировую науку новыми географическими открытиями. Об этом ярко, увлекательно поведал И. Ф. Крузенштерн в своих записках. |
| 653 | 0_ | a | Ключевые слова | Путешествия |
| a | Ключевые слова | Кругосветные путешествия | ||
| a | Ключевые слова | 19 в. | ||
| a | Ключевые слова | Морские путешествия | ||
| a | Ключевые слова | Крузенштерн Иван Федорович | ||
| a | Ключевые слова | Российский флот | ||
| a | Ключевые слова | Лисянский Юрий Федрович | ||
| a | Ключевые слова | Мореплаватели | ||
| a | Ключевые слова | Русские мореплаватели | ||
| 700 | 12 | a | Другие авторы | Гладкий Юрий Никифорович |
| c | Титул (звание) | д.г.н., проф., чл.-кор. РАО | ||
| e | Роль лиц | Автор предисловия | ||
| 901 | t | Тип документа | m | |
| 920 | a | Оператор | Хохл | |
| a | Оператор | Суха | ||
| a | Оператор | Густ | ||
| a | Оператор | Стро | ||
| 930 | a | Новая/Ретро | новая | |
| 952 | c | Вид литературы | К рн | |
| 954 | b | Дата поступления в ОК | 20150914 | |
| a | Дата поступления на обработку | 20150916 | ||
| c | Дата окончания ОНО | 20150922 |